000 00536nam a2200181Ia 4500
008 100920s9999 xx 000 0 und d
082 _b100370
_a--- न 08
100 _aलागू चिंतामणी.
245 _aतिहेरी.
260 _bमेघना प्रकाशन, पुणे.
_c2008
300 _a220
_bसाधी
365 _b215
520 _aकादंबरी.
630 _aतिहेरी.
650 _aकादंबरी.
730 _aतिहेरी.
942 _cBOOK
999 _c740808
_d740805